000 00211nam a22000857a 4500
999 _c23153
_d23153
005 20220308134106.0
008 220308b ||||| |||| 00| 0 eng d
040 _crda
245 _aDokážeme zachrániť planétu Zem?